[Event "Let's Play Chess!"]
[Site "http://www.queenalice.com/game.php?id=1518733"]
[Date "2018.3.7"]
[Round "-"]
[White "Marcelo_Alves"]
[Black "george941"]
[Result "0-1"]
[WhiteElo "1407"]
[BlackElo "1723"]

1. d4 Nf6 2. Nf3 c5 3. d5 d6 4. Nc3 e6 5. Bg5 Be7 6. e4 O-O 7. Bc4 Nbd7 8. dxe6
Ne5 9. Nxe5 Bxe6 10. Bxe6 fxe6 0-1

[Event "Let's Play Chess!"]
[Site "http://www.queenalice.com/game.php?id=1518734"]
[Date "2018.3.7"]
[Round "-"]
[White "Marcelo_Alves"]
[Black "george941"]
[Result "0-1"]
[WhiteElo "1411"]
[BlackElo "1719"]

1. d4 d5 2. c4 e5 3. dxe5 Be6 4. e3 Bc5 5. Nf3 Ne7 6. Qa4+ Nbc6 7. a3 O-O 8. b4
Nxe5 9. Nxe5 Bd6 10. Bb2 Bxe5 0-1

[Event "AUTO-OPEN-3910"]
[Site "http://www.queenalice.com/game.php?id=1518788"]
[Date "2018.3.8"]
[Round "1"]
[White "clovis"]
[Black "Marcelo_Alves"]
[Result "1-0"]
[WhiteElo "2161"]
[BlackElo "1442"]

1. e4 e6 2. d4 d5 3. exd5 exd5 4. Nf3 Bf5 5. Bd3 Bg6 6. O-O Nf6 7. Re1+ Be7 8.
Bg5 O-O 9. Ne5 Nbd7 10. Nc3 c6 11. Qf3 Bxd3 12. Qxd3 h6 13. Bh4 1-0

[Event "AUTO-OPEN-3910"]
[Site "http://www.queenalice.com/game.php?id=1518836"]
[Date "2018.3.8"]
[Round "1"]
[White "Marcelo_Alves"]
[Black "Sigmund"]
[Result "0-1"]
[WhiteElo "1415"]
[BlackElo "1829"]

1. d4 d5 2. c4 e6 3. Nc3 h6 4. Nf3 Nf6 5. Bf4 Bd6 6. Bg3 Nc6 7. e3 Na5 8. cxd5
exd5 9. Be2 a6 10. Qa4+ c6 11. Bxd6 Qxd6 12. Qxa5 O-O 13. O-O Bf5 14. Qc5 Qe6
15. Ne5 Be4 16. Nxe4 Nxe4 17. Qc2 f5 18. f3 Nf6 19. Bd3 Nd7 20. Nxd7 Qxd7 21. e4
dxe4 0-1

[Event "AUTO-OPEN-3910"]
[Site "http://www.queenalice.com/game.php?id=1518837"]
[Date "2018.3.8"]
[Round "1"]
[White "Sigmund"]
[Black "Marcelo_Alves"]
[Result "1-0"]
[WhiteElo "1827"]
[BlackElo "1417"]

1. e4 e6 2. d4 d5 3. e5 c5 4. Nf3 Nc6 5. a3 Qb6 6. Nc3 cxd4 7. Na4 Qa5+ 8. c3
dxc3 9. Nxc3 g6 10. Bd2 a6 11. Be2 Bg7 12. Bf4 Nge7 13. O-O O-O 14. Qc2 Bd7 15.
b4 Qc7 16. Rae1 Nxe5 17. Bg5 Nxf3+ 18. Bxf3 Bb5 19. Be2 Nf5 20. Bd3 Bxd3 21.
Qxd3 1-0

[Event "Let's Play 170"]
[Site "http://www.queenalice.com/game.php?id=1518958"]
[Date "2018.3.9"]
[Round "-"]
[White "digger"]
[Black "Marcelo_Alves"]
[Result "1-0"]
[WhiteElo "1700"]
[BlackElo "1500"]

1. e4 e6 2. d4 d5 3. e5 c5 4. c3 Nc6 5. Bb5 Bd7 6. Be3 Nxe5 7. Bxd7+ Nxd7 8. Qa4
b6 9. Nf3 cxd4 10. cxd4 Nf6 11. O-O Bd6 12. Bg5 O-O 13. Rc1 h6 14. Be3 1-0

[Event "Let's Play 171"]
[Site "http://www.queenalice.com/game.php?id=1518959"]
[Date "2018.3.9"]
[Round "-"]
[White "digger"]
[Black "Marcelo_Alves"]
[Result "1-0"]
[WhiteElo "1748"]
[BlackElo "1446"]

1. d4 d5 2. e3 Bf5 3. Bd3 Bg6 4. Bxg6 hxg6 5. Qd3 c6 6. Bd2 Nf6 7. Nf3 Nbd7 8.
Nc3 Qb6 9. O-O-O e6 10. h3 Bb4 11. Na4 Bxd2+ 12. Qxd2 1-0

[Event "Let's Play 172"]
[Site "http://www.queenalice.com/game.php?id=1518960"]
[Date "2018.3.9"]
[Round "-"]
[White "digger"]
[Black "Marcelo_Alves"]
[Result "1-0"]
[WhiteElo "1728"]
[BlackElo "1466"]

1. c3 Nf6 2. d4 d5 3. Nf3 Bg4 4. Ne5 Bh5 5. Qa4+ c6 6. h3 e6 7. g4 Bg6 8. Nd2
Bd6 9. Nxg6 hxg6 10. c4 Nxg4 11. Bg2 Nf6 12. cxd5 exd5 13. f3 1-0

[Event "Let's Play 173"]
[Site "http://www.queenalice.com/game.php?id=1518961"]
[Date "2018.3.9"]
[Round "-"]
[White "Marcelo_Alves"]
[Black "digger"]
[Result "0-1"]
[WhiteElo "1473"]
[BlackElo "1722"]

1. d4 d5 2. c4 c6 3. Nc3 f6 4. Nf3 dxc4 5. a4 a5 6. e3 e6 7. Bxc4 Bb4 8. O-O Qd6
9. Qb3 c5 10. Nb5 Qe7 11. dxc5 Bxc5 0-1

[Event "Let's Play 174"]
[Site "http://www.queenalice.com/game.php?id=1518962"]
[Date "2018.3.9"]
[Round "-"]
[White "digger"]
[Black "Marcelo_Alves"]
[Result "1-0"]
[WhiteElo "1715"]
[BlackElo "1481"]

1. d4 d5 2. c3 Nf6 3. Nf3 Bg4 4. Ne5 Bh5 5. Qa4+ c6 6. Bg5 e6 7. Na3 Bd6 8. Qb3
Qb6 9. Qxb6 axb6 10. Nd3 Ne4 11. h4 Bxa3 12. bxa3 Rxa3 13. f3 1-0

[Event "Let's Play 175"]
[Site "http://www.queenalice.com/game.php?id=1518963"]
[Date "2018.3.9"]
[Round "-"]
[White "digger"]
[Black "Marcelo_Alves"]
[Result "1-0"]
[WhiteElo "1751"]
[BlackElo "1391"]

1. d4 d5 2. e3 Nf6 3. c4 e6 4. cxd5 exd5 5. Nc3 c6 6. b4 Bxb4 7. Bd2 O-O 8. a3
Bxc3 9. Bxc3 Bf5 10. Nf3 Ne4 11. Bb4 Re8 12. Ne5 a5 13. Qa4 Rxe5 14. dxe5 1-0

[Event "Let's Play 176"]
[Site "http://www.queenalice.com/game.php?id=1518964"]
[Date "2018.3.9"]
[Round "-"]
[White "digger"]
[Black "Marcelo_Alves"]
[Result "1-0"]
[WhiteElo "1708"]
[BlackElo "1490"]

1. e4 e6 2. d4 d5 3. e5 c5 4. c3 Nc6 5. Bb5 Bd7 6. c4 dxc4 7. Bxc4 Nxd4 8. b4
Qc7 9. f4 Ba4 10. Qxa4+ Qc6 11. Qxc6+ bxc6 12. Bb3 cxb4 13. Nd2 Bc5 14. Bc4 1-0

[Event "Let's Play 177"]
[Site "http://www.queenalice.com/game.php?id=1518966"]
[Date "2018.3.9"]
[Round "-"]
[White "Marcelo_Alves"]
[Black "digger"]
[Result "0-1"]
[WhiteElo "1455"]
[BlackElo "1739"]

1. d4 d5 2. c4 dxc4 3. Nc3 e6 4. e3 c6 5. Bxc4 Nf6 6. Nf3 Bb4 7. Bd2 Qd6 8. a3
Ba5 9. O-O a6 10. Qc2 O-O 11. e4 Nbd7 0-1

[Event "Let's Play 178"]
[Site "http://www.queenalice.com/game.php?id=1518967"]
[Date "2018.3.9"]
[Round "-"]
[White "digger"]
[Black "Marcelo_Alves"]
[Result "1-0"]
[WhiteElo "1744"]
[BlackElo "1450"]

1. Nc3 Nf6 2. d4 d5 3. Bg5 e6 4. e4 dxe4 5. Bxf6 Qxf6 6. Nxe4 Qg6 7. f3 Bd6 8.
Bd3 Qxg2 9. Nf2 Bxh2 10. Be4 Bxg1 11. Ke2 1-0

[Event "Let's Play 179"]
[Site "http://www.queenalice.com/game.php?id=1518968"]
[Date "2018.3.9"]
[Round "-"]
[White "digger"]
[Black "Marcelo_Alves"]
[Result "1-0"]
[WhiteElo "1734"]
[BlackElo "1460"]

1. Nf3 Nf6 2. d3 g6 3. e4 d6 4. Nc3 Bg7 5. d4 b6 6. Qe2 Nbd7 7. Qb5 O-O 8. Be2
Bb7 9. d5 a6 10. Qd3 Nc5 11. Qe3 Re8 12. b4 1-0

[Event "AUTO-INT-3326"]
[Site "http://www.queenalice.com/game.php?id=1519126"]
[Date "2018.3.11"]
[Round "1"]
[White "Ricardoabreu"]
[Black "Marcelo_Alves"]
[Result "1-0"]
[WhiteElo "1588"]
[BlackElo "1389"]

1. b3 Nf6 2. Bb2 e6 3. g3 d5 4. e3 Be7 5. Bg2 O-O 6. Nf3 c5 7. Ne5 Nc6 8. Nxc6
bxc6 9. d4 cxd4 10. Bxd4 c5 11. Bb2 Ba6 12. Nd2 1-0

[Event "AUTO-INT-3326"]
[Site "http://www.queenalice.com/game.php?id=1519127"]
[Date "2018.3.11"]
[Round "1"]
[White "Marcelo_Alves"]
[Black "Ricardoabreu"]
[Result "0-1"]
[WhiteElo "1381"]
[BlackElo "1596"]

1. d4 b6 2. c4 Bb7 3. Nc3 a6 4. e4 g6 5. Nf3 Bg7 6. Be2 Nf6 7. Qc2 e6 8. O-O O-O
9. Bg5 h6 10. Bh4 g5 11. Bg3 d6 12. Rfd1 Nbd7 13. e5 Ne8 14. exd6 Nxd6 0-1